Interpersonal networks in organizations : cognition, personality, dynamics, and culture (Record no. 268434)

MARC details
000 -LEADER
fixed length control field 00891nam a2200265Ia 4500
008 - FIXED-LENGTH DATA ELEMENTS--GENERAL INFORMATION
fixed length control field 191130s2008##################000#0#eng##
020 ## - INTERNATIONAL STANDARD BOOK NUMBER
ISBN 9780521866606
082 ## - DEWEY DECIMAL CLASSIFICATION NUMBER
Classification number 302.35 KIL
100 ## - MAIN ENTRY--AUTHOR NAME
Personal name Kilduff, Martin
245 ## - TITLE STATEMENT
Title Interpersonal networks in organizations : cognition, personality, dynamics, and culture
Statement of responsibility, etc Martin Kilduff, David Krackhardt
260 ## - PUBLICATION, DISTRIBUTION, ETC. (IMPRINT)
Place of publication Cambridge
Name of publisher Cambridge University Press
Year of publication 2008
300 ## - PHYSICAL DESCRIPTION
Number of Pages x, 310 p. : ill. ; 23 cm
500 ## - GENERAL NOTE
General note Includes bibliographical references (p. [275]-304) and index
650 ## - SUBJECT ADDED ENTRY--TOPICAL TERM
Topical Term Organizational behavior - Social aspects
Topical Term Power (Social sciences)
Topical Term Self-perception
Topical Term Social networks
Topical Term Social perception
700 ## - ADDED ENTRY--PERSONAL NAME
Personal name Krackhardt, David
991 ## -
-- 239382
Holdings
Withdrawn status Lost status Damaged status Not for loan Home library Current library Shelving location Date acquired Full call number Accession Number Price effective from Koha item type
        Anna Centenary Library Anna Centenary Library 3RD FLOOR, B WING 13.10.2020 302.35 KIL 198428 13.10.2020 English Books

Find us on the map